Normal view
MARC view
- Nanosciences--nanomatériaux et nanochimie.
Entry Uniform Title
001 - CONTROL NUMBER
- control field: 3297
003 - CONTROL NUMBER IDENTIFIER
- control field: NUST
005 - DATE AND TIME OF LATEST TRANSACTION
- control field: 20170713161502.0
008 - FIXED-LENGTH DATA ELEMENTS
- fixed length control field: 170713|| aca||aabn | a|a d
040 ## - CATALOGING SOURCE
- Original cataloging agency: NUST
- Transcribing agency: NUST
130 ## - HEADING--UNIFORM TITLE
- Uniform title: Nanosciences--nanomatériaux et nanochimie.
- Language of a work: English
670 ## - SOURCE DATA FOUND
- Source citation: Work cat.: (NUST)0: Nanomaterials and nanochemistry /, c2007.
